TRABAJOS sobre ingeniería estructural. 13: Sul calcolo delle volte scatolari, di Luciano Boscotrecase.

Guardado en:
Formato: Libro
Idioma:Italian
Materias:
Etiquetas: Agregar Etiqueta
Sin Etiquetas, Sea el primero en etiquetar este registro!
LEADER 00415nam a22001215a 4500
001 EUN.um037216
003 AR-BaUNS
005 20050623122909.0
008 041125b########xx############000#0#ita#d
245 0 0 |a TRABAJOS sobre ingeniería estructural. 13: Sul calcolo delle volte scatolari, di Luciano Boscotrecase. 
082 0 4 |a 624.18 
653 |a Boscotrecase, Luciano 
859 |a Ar-BaUNS  |b BIB. CENTRAL - Sector C  |h 624.18  |i T67  |p 48326/968  |v v.13